000 00253nam a2200097Ia 4500
005 20251222114342.0
008 251222s1900||||xx |||||||||||||| ||spa||
082 _aDVD0195.2/U61/2005
245 0 _aCharla: axiologĂ­a para el equilibrio ambiental:
942 _cDVD
999 _c912
_d912